00378pab a2200145 454500008004000000100002200040245007900062260000900141300001200150362001200162650001800174650001400192650000800206773001800214180718b2001 xxu||||| |||| 00| 0 eng d aJha, Prem Shankar aDemocracy, globalisation and war: new myths to save the West from the rest c2001 ap.26-47 aApr-Jun aGlobalization aDemocracy aWar aWorld Affairs